Δεν υπάρχουν πια αφεντάφες ποπολάροι και κυράδες /

Λεπτομέρειες βιβλιογραφικής εγγραφής
Κύριος συγγραφέας: Ρουτζούνη - Τζιρίνη, Ελένη (συγγραφέας.)
Μορφή: Βιβλίο
Γλώσσα:Greek
Έκδοση: Αθήνα : [χ.ό.], 1984.
Έκδοση:3η έκδ. με νέα ποιήματα.
LEADER 00842nam a22001811a 4500
003 GR-PaULI
005 20250310085603.0
008 250310s1984 gr g ||| p gre
040 |b gre  |a GR-PaULI  |c GR-PaULI  |e AACR2 
082 0 4 |2 23  |a 889.134 
100 1 |a Ρουτζούνη - Τζιρίνη, Ελένη  |9 208445  |e συγγραφέας. 
245 1 0 |a Δεν υπάρχουν πια αφεντάφες ποπολάροι και κυράδες /  |b    |c Ελένη Ρουτζούνη - Τζιρίνη. 
250 |a 3η έκδ. με νέα ποιήματα. 
260 |a Αθήνα :  |b [χ.ό.],  |c 1984. 
300 |a 48 σ. ;  |c 24 εκ. 
942 |2 ddc  |c BK 
952 |0 0  |1 0  |2 ddc  |4 0  |6 889_134000000000000_ΡΟΥ  |7 0  |9 388350  |a LISP  |b LISP  |c DON  |d 2025-03-10  |e ΠΑΝ  |i 095099  |l 0  |o 889.134 ΡΟΥ  |p 025000165756  |r 2025-03-10 09:09:45  |t 1  |w 2025-03-10  |y BKN 
999 |c 225329  |d 225329